Securitización: una forma de financiamiento estructurado. La securitización y un ánalisis en paralelo
Guardat en:
| Autor principal: | |
|---|---|
| Format: | Llibre |
| Idioma: | espanyol |
| Publicat: |
Santiago
LexisNexis
2006
|
| Edició: | 1a. ed |
| Matèries: | |
| Etiquetes: |
Afegir etiqueta
Sense etiquetes, Sigues el primer a etiquetar aquest registre!
|
MARC
| LEADER | 00000nam a2200000 a 4500 | ||
|---|---|---|---|
| 001 | UCJ1329 | ||
| 003 | CL-VaPUC | ||
| 008 | 061013e20060000CL |||||||||||||||||spa|d | ||
| 020 | |a 9562386031 | ||
| 082 | 0 | 4 | |a 332.34 |b LOP |2 21 |
| 100 | |a López Lastra, Mauricio Alejandro |e autor |9 501911 | ||
| 245 | 1 | 0 | |a Securitización: una forma de financiamiento estructurado. La securitización y un ánalisis en paralelo |
| 250 | |a 1a. ed | ||
| 300 | |a 285 p | ||
| 942 | |c BK | ||
| 945 | |d 20061013 00:00:00 |a jtorresc | ||
| 260 | |a Santiago |b LexisNexis |c 2006 | ||
| 650 | 7 | |a SECURITIZACION |2 CL-VaPUC |9 463613 | |
| 650 | 7 | |a PROGRAMAS DE INVERSION |2 CL-VaPUC |9 476621 | |
| 650 | 0 | |a Mercado financiero |9 334172 | |
| 650 | 7 | |a POLITICA DE INVERSIONES |2 CL-VaPUC |9 358663 | |
| 650 | 7 | |a GESTION DE INVERSIONES |2 CL-VaPUC |9 501912 | |
| 583 | |a last modification |c 20061013 00:00:00 |k Rodrigo Vera | ||
| 999 | |c 317950 |d 317948 | ||
| 952 | |0 0 |1 0 |4 0 |6 332_340000000000000_LOP_2006 |7 0 |8 A |9 395066 |a BIBDER |b BIBDER |d 2019-11-22 |i 4287371 |l 1 |o 332.34 LOP 2006 |p 4287371 |r 2023-01-25 |s 2022-11-09 |w 2019-11-22 |y BK |k DER | ||